000 01019nam a2200241 a 4500
001 41263
003 BD-RjUL
005 20211209053345.0
008 160518r20102003ii ||||| |||| 001 0 ben d
020 _a8184370466
_c: IRs. 200.00
035 _a(BD-RjUL) 41380
040 _aBD-RjUL
_bben
_cBD-RjUL
_dBD-RjUL
041 _aben
082 _223
_a891.44209
_bMUN 2010
100 _aমুখোপাধ্যায়, দুর্গাশঙ্কর
_9126928
245 1 0 _aনাট্যতত্ত্ব-বিচার /
_cদুর্গাশঙ্কর মুখোপাধ্যায়
250 _a১ম করুণা সং.
260 _aকলিকাতা :
_bকরুণা প্রকাশনী,
_c২০০৩ [মুদ্রণ ২০১০]
300 _a৩৩৬ পৃ. ;
_c২১ সেমি.
650 _aবাংলা নাটক
_xইতিহাস ও সমালোচনা
_9123674
650 _aBengali Drama
_xHistory and Criticism
_9122764
942 _2ddc
_cBK
999 _c41263
_d41263